Effectiffs Belgique Euro 2024 - Statistiques

Statistiques générales
  • Ce quiz a été pris 63 fois
    45 depuis la dernière actualisation
  • Le résultat moyen est 19 sur 25
Statistiques - réponses
Poste Numéro Club Joueur % Correct
Milieu 7 Manchester City Kevin De Bruyne
91%
Milieu 24 FC Everton Amadou Onana
89%
Attaquant 22 Manchester City Jérémy Doku
89%
Gardien 1 Sans Club Koen Casteels
89%
Gardien 13 Nottingham Forrest Matz Sels
89%
Attaquant 10 FC Chelsea Romelu Lukaku
89%
Défenseur 6 Atletico Madrid Axel Witsel
86%
Attaquant 11 Al-Shabab Yannick Carrasco
83%
Attaquant 19 PSV Johan Bakayoko
80%
Attaquant 20 RB Leipzig Lois Openda
80%
Défenseur 4 Leicester City Wout Faes
80%
Milieu 8 Aston Villa Youri Tielemans
77%
Défenseur 2 Sporting Lisbonne Zeno Debast
77%
Attaquant 9 FC Arsenal Leandro Trossard
74%
Milieu 18 Olympique Lyonnais Orel Mangala
74%
Défenseur 21 FC Fulham Timothy Castagne
74%
Attaquant 14 FC Séville Dodi Lukébakio
71%
Gardien 12 Luton Town Thomas Kaminski
69%
Défenseur 15 Trabzonspor Thomas Meunier
69%
Milieu 17 Atalanta Bergamo Charles De Ketelaere
66%
Défenseur 25 Club Bruges Maxim De Cuyper
66%
Défenseur 5 Sans Club Jan Vertonghen
60%
Milieu 23 Atletico Madrid Arthur Vermeeren
57%
Milieu 16 VFL Wolfsburg Aster Vranckx
49%
Défenseur 3 Stade Rennais Arthur Theathe
26%
Aucun quiz correspondant
Distribution des résultats
% des personnes avec chaque résultat
Percentile par nombre de réponses
Votre historique - résultats
Vous n’avez pas pris ce quiz depuis la dernière actualisation